00974 2200325 4500001002100000005001500021035002000036007000300056040001700059100003900076245011500115250001000230300003700240504002400277020001700301041000800318082000800326084001400334090001900348264003400367336002100401337003000422338002300452650001100475700005300486700004000539850001000579008004100589990001800630INLIS00000000000970820260414033913 a0010-0123000035ta aSBPUPADbInd0 aAbdur Rahman Al-WasithiePengarang1 aRenungan Akhir Zaman /cAbdurrahman Al-Wasithi, Abu Fatiah Al-Adnani ; editor, Fahry Al-Bukhary, Muthia Esfand aCet.1 axvii, 236 hlm. :bilus. ;c23 cm abibliografi,hlm 229 a979-017-39-4 aind a201 a201 ABD r a201 ABD r 2-10 aJakarta :bQultumMedia,c2008 2rdacontentaTeks 2rdamediaatanpa perantara 2rdacarrieravolume 4aIbadah aPengarang ke-2, Abu Fatiah Al-AdnaniePengarang aeditor, Fahry Al-BukharyePengarang aPUPAD260414 0  a10607/Br/2009